00498nam a22001457a 4500003000400000005001700004008004100021050002400062082002000086245014800106260005200254300002400306526001600330562000600346OSt20160329135242.0130301t xxu||||| |||| 00| 0 eng d aPS 9992b.Or65 2007 aF899.211b.Or65 aThe Literary life :bstories, poems and essays from the sunday times magazine /cworks by Mila D. Aguilar (and more) ; Elmer A. Ordonez, editor aManila :bManila Times Publishing Corp.,c2007. a262 pages ;c26 cm. c1210L-1700L e1